[Event "DSOL 03 Liga Gr-A 1st"]
[Site "Playchess.com INT"]
[Date "2020.07.08"]
[Round "3.3"]
[White "Philipp, Maik"]
[Black "Maksimovic, Milos"]
[Result "1/2-1/2"]
[WhiteElo "1417"]
[BlackElo "1481"]
[PlyCount "60"]
[EventDate "2020.06.22"]
[EventType "team-tourn (rapid)"]
[EventCountry "GER"]
[SourceTitle "EXT 2021"]
[Source "ChessBase"]
[SourceDate "2020.10.23"]
[SourceVersion "1"]
[SourceVersionDate "2020.10.23"]
[SourceQuality "1"]
[WhiteTeam "Tegernsee"]
[BlackTeam "Fulda"]
[WhiteTeamCountry "GER"]
[BlackTeamCountry "GER"]

1. e4 e5 2. Nf3 f5 3. d4 exd4 4. Bd3 Nc6 5. 0-0 d6 6. exf5 Nf6 7. Bb5 Bxf5 8. Nxd4 Qd7 9. Nxf5 Qxf5 10. Bxc6+ bxc6 11. Nc3 Kd7 12. b3 Re8 13. Bb2 Rg8 14. Ne2 Ne4 15. Ng3 Qg6 16. Nxe4 Rxe4 17. Qd3 Rg4 18. Qxg6 Rxg6 19. Rfe1 Be7 20. Rad1 Re6 21. c4 c5 22. Kf1 Bf6 23. Ba1 Rge8 24. Rxe6 Rxe6 25. Bxf6 Rxf6 26. Re1 c6 27. g3 Rf3 28. Ke2 Rc3 29. Kd2 Rf3 30. Ke2 Rf7 1/2-1/2